| 000 | 00636nam a2200205Ia 4500 | ||
|---|---|---|---|
| 008 | 131103s9999 xx 000 0 und d | ||
| 020 | _c4.00 pds | ||
| 040 | _aLoreto College | ||
| 041 | _aEnglish | ||
| 082 |
_a942.066/WIT _bLCLIB/22964 |
||
| 100 | _aWitcombe,D.T. | ||
| 245 |
_aCharles II and the cavalier House of Commons _b 1663 - 1674 _cD.T.Witcombe |
||
| 260 |
_aNew York _bManchester University Press _c1966 |
||
| 300 |
_axiii,218 p. _c 22 cm. |
||
| 504 | _aIncludes bibliographical references and index | ||
| 650 | _aCharles - II,1660 - 1685 | ||
| 651 | _aEngland - History,1660 - 1685 | ||
| 850 | _aLCLIB | ||
| 942 | _cBK | ||
| 999 |
_c8424 _d58903 |
||